000 00727nam a2200217Ia 4500
008 100315s9999 xx 000 0 und d
020 _a81-7240-067-5 
082 _b3170 
_a368 
100 _a"BAJPAI, G. N. NAVARE, JYOTI "
245 _aMARKETING OF INSURANCES: STRATEGIES FOR SUCCESS
260 _aDelhi 
_bGLOBAL BUSINESS PRESS  
_c1994 
300 _a"XI,191P  "
365 _eRupees 
_d
_b385.00 
366 _f
505 _gTushar Jadhav 
530 _b-  
620 _a"Market Scenario,Organisation of a Typical Life Office,Marketing Techniques "
630 _aMARKETING OF INSURANCES: STRATEGIES FOR SUCCESS
730 _aMARKETING OF INSURANCES: STRATEGIES FOR SUCCESS
942 _cBOOK
999 _c477905
_d477902